logo

Bir Sreshtho Munshi Abdur Rouf Library
Jhenaidah Cadet College

The Rise And Reign Of The Mammals : (Record no. 13689)

MARC details
000 -LEADER
fixed length control field 00665nam a2200217 a 4500
001 - CONTROL NUMBER
JCCL Control Number 13689
003 - CONTROL NUMBER IDENTIFIER
JCCL marc code BD-JhCC
005 - DATE AND TIME OF LATEST TRANSACTION
control field 20240313213420.0
008 - FIXED-LENGTH DATA ELEMENTS--GENERAL INFORMATION
fixed length control field 240313b2022 nyu |||| ||a| 001 0 eng d
020 ## - INTERNATIONAL STANDARD BOOK NUMBER
International Standard Book Number 9780062951519
035 ## - SYSTEM CONTROL NUMBER
system control number (BD-JhCC)13689
040 ## - CATALOGING SOURCE
Original cataloging agency BD-JhCC
Modifying agency BD-JhCC
041 ## - LANGUAGE CODE
Language code of Book english
082 ## - DEWEY DECIMAL CLASSIFICATION NUMBER
Classification number 599.6
Author mark and Year BRU 2022
100 ## - MAIN ENTRY--PERSONAL NAME
Personal name Brusatte,Stephen
245 ## - TITLE STATEMENT
Title The Rise And Reign Of The Mammals :
Remainder of title A new history, from the shadow of the dinosaurs to us /
Statement of responsibility, etc Stephen Brusatte.
260 ## - PUBLICATION, DISTRIBUTION, ETC. (IMPRINT)
Place of publication, distribution, etc London:
Name of publisher, distributor, etc Mariner Books;
Date of publication, distribution, etc 2022.
300 ## - PHYSICAL DESCRIPTION
Pagination 526 p, :
Other physical details ill;
Dimensions 22 cm
650 ## - SUBJECT ADDED ENTRY--TOPICAL TERM
Topical term or geographic name as entry element Mammals Evolution
General subdivision Mammals, Fossil
Geographic subdivision paleontology
942 ## - ADDED ENTRY ELEMENTS (KOHA)
Source of classification or shelving scheme Dewey Decimal Classification
Koha item type Books
Holdings
Source of classification or shelving scheme Damaged status Not for loan Home library Current library Shelving location Date of accession Cost, normal purchase price Total Checkouts Full call number Barcode Date last seen Date checked out Copy number Method of acquisition Koha item type Currency
Dewey Decimal Classification     JCC Rouf Library JCC Rouf Library General Stacks   510.00 2 599.6 BRU 2022 19137 07/13/2025 06/24/2025 C-1 Purchase Books BDT

JCC Library | Contacts | JCC Home

Last Update on 23 September 2017
Copyright @ 2017-2020 JCC Rouf Library
Rouf Library, Jhenidah Cadet College (JCC), Bangladesh